Imágenes de imágenes: del cuadro a la pantalla.
Saved in:
| Hovedforfatter: | |
|---|---|
| Format: | Ukendt |
| Udgivet: |
Viña del Mar, Chile:
Ediciones Mundana;
2022.
|
| Fag: | |
| Tags: |
Tilføj Tag
Ingen Tags, Vær først til at tagge denne postø!
|
MARC
| LEADER | 00000 a2200000 4500 | ||
|---|---|---|---|
| 003 | CL-VaPUC | ||
| 005 | 20230503165336.0 | ||
| 008 | 230412t2022 ||||| |||| 00| 0 eng d | ||
| 999 | |c 440437 |d 440435 | ||
| 020 | |a 978-956-6202-05-9 | ||
| 040 | |c Pontificia Universidad Católica de Valparaíso | ||
| 082 | |2 22 |a 791.43 PER 2022 | ||
| 100 | |a Pérez Villalón, Fernando |9 524843 |e autor | ||
| 245 | |a Imágenes de imágenes: |b del cuadro a la pantalla. | ||
| 260 | |a Viña del Mar, Chile: |b Ediciones Mundana; |c 2022. | ||
| 300 | |a 201 páginas. | ||
| 583 | |k GC |c 20230412 | ||
| 650 | 0 | |9 225706 |a Cine |v Crítica e interpretación |x Experiencia cinematográfica | |
| 650 | 0 | |9 264961 |a Películas cinematográficas |v Directores y salas de cine |x Crítica e interpretación | |
| 942 | |2 ddc |c BK | ||
| 952 | |0 0 |1 0 |2 ddc |4 0 |6 791_430000000000000_PER_2022 |7 0 |8 A |9 589587 |a BIBART |b BIBART |d 2023-04-11 |e 45 |g 12600.00 |i 5657097 |o 791.43 PER 2022 |p 5657097 |r 2025-03-13 |t 1 |v 12600.00 |w 2023-04-11 |y BK |k ART | ||